• 首页
  • 本馆介绍
  • 公告通知
  • 最新文献
  • 馆藏检索
  • 电子资源
  • 读者导购
  • 参考咨询
  • 我的图书馆
  • 登录
  • 详细信息显示
  • 放入我的书架
  • 预约/预借图书
  • 作者相关作品
  • 分类相关作品
  • 丛书相关作品
  • 出版社相关作品

书目信息

  • 表格格式
  • 工作单格式
  • 卡片格式
题名:
中国猪种
    
 
作者: 《中国猪种》编写组编
分册: 一  
出版信息: 上海   上海人民出版社  1976
页数: 181页
开本: 19cm
丛书名:
单 册:
中图分类: S828.8
科图分类:
主题词: 猪-品种--中国 , 品种-猪--中国
电子资源:
ISBN:
000 00563nam0 2200217 45
001 0176001142
005 20060801152912.16
010    @dCNY0.36
100    @a19951020d1976 em y0chiy0121 ea
101 0  @achi
102    @aCN@b310000
105    @af z 000yy
200 10 @a中国猪种@Azhong guo zhu zhong@h一@f《中国猪种》编写组编
210    @a上海@c上海人民出版社@d1976
215    @a181页@c照片@d19cm
606    @a猪-品种@y中国
606    @a品种-猪@y中国
690    @aS828.8@v3
801  2 @aCN@bNLC@c20060801
801  0 @aCN@bTSSF
905    @a10447@dS828.8@e35:1
    
    中国猪种.一/《中国猪种》编写组编.-上海:上海人民出版社,1976
    181页:照片;19cm
    
    
    ISBN :CNY0.36
    
●
相关链接 在E读中查询图书 在五车中查询图书 在当当中查询图书 在豆瓣中查询图书


正题名:中国猪种     索取号:S828.8/35:1         预约/预借

序号 登录号 条形码 馆藏地/架位号 状态 备注
1 0439323   204393236   密集书库/ [索取号:S828.8/35:1] 在馆    
唐山师范学院图书馆 欢迎您!
大连网信软件有限公司© 版权所有